Evénements du 25 juin - Statistiques

Statistiques générales
  • Ce quiz a été pris 29 fois
  • Le résultat moyen est 8 sur 15
Statistiques - réponses
Hint Réponse % Correct
Sortie de Microsoft 98 1998
96%
Fondation de l'abbaye de Clairvaux 1115
84%
Publication du Journal d'Anne Frank 1947
80%
Déclaration d'indépendance de la Croatie et de la Slovénie 1991
80%
Création du drapeau gay arc-en-ciel 1978
76%
Assassinat du président Sadi-Carnot 1894
68%
Indépendance du Mozambique 1975
68%
Folle journée de Dunkerque 1658
44%
Le maréchal Juin est reçu à l'Académie Française 1953
44%
1ère publication des Fleurs du mal 1857
40%
Naissance de George Orwell 1903
40%
Création de L'Oiseau de feu de Stravinsky à Paris 1910
40%
Bataille de Little Big Horn 1876
36%
Exécution de Georges Cadoudal 1804
28%
Naissance d'Antonio Gaudi 1852
24%
Aucun quiz correspondant
Distribution des résultats
% des personnes avec chaque résultat
Percentile par nombre de réponses
Votre historique - résultats
Vous n’avez pas pris ce quiz